000 00434nam a2200181Ia 4500
001 2458
005 20260306144808.0
008 260306t1991||||xx |||||||||||||| ||spa||
041 _aESP
082 _a616.89
_bV19 V. 2
100 _aValdivia Ponce, Oscar
_eAUT
245 0 _aPanorama de la psiquiatría en el Perú
260 _c1991
300 _apágs. :
_c21cm.
650 _aGEN
654 _aCPS
942 _cLIB
_dJUS
_fJUS
_2ddc
_n
999 _c2458
_d2458